| 000 | 00535nam a2200181Ia 4500 | ||
|---|---|---|---|
| 008 | 191130s2005##################000#0#eng## | ||
| 020 | _a9780199555666 | ||
| 040 |
_aACL _cACL |
||
| 082 | _a184 PLA | ||
| 100 | _aPlato | ||
| 245 |
_aMeno and other dialogues _cPlato ; translated with an introduction and notes by Robin Waterfield |
||
| 260 |
_aOxford _bOxford University Press _c2005 |
||
| 300 | _aliv, 190 p. ; 20 cm | ||
| 650 | _aPhilosophy | ||
| 990 | _a4a18d32fac10000c2652363cc9f019d9 | ||
| 991 | _a292768 | ||
| 999 |
_c275750 _d275750 |
||